[Event "BL 0506 SV Wattenscheid - Godesberger S"]
[Site "?"]
[Date "2005.11.13"]
[Round "4.7"]
[White "Grafl, Florian"]
[Black "Lemmers, Oscar"]
[Result "1/2-1/2"]
[WhiteElo "2413"]
[BlackElo "2425"]
[PlyCount "45"]
[EventDate "2005.??.??"]

1. e4 c5 2. Nf3 e6 3. Nc3 a6 4. d4 cxd4 5. Nxd4 Qc7 6. Bd3 Nf6 7. Qe2 d6 8. f4
g6 9. O-O Bg7 10. f5 e5 11. Nf3 b5 12. Bg5 Nbd7 13. fxg6 hxg6 14. a4 b4 15. Nd1
Bb7 16. c3 O-O 17. Kh1 d5 18. Nd2 a5 19. Rc1 Nh7 20. Be3 Nhf6 21. Bg5 Nh7 22.
Be3 Nhf6 23. Bg5 1/2-1/2

[Event "BL 0506 SV Wattenscheid - Godesberger S"]
[Site "?"]
[Date "2005.11.13"]
[Round "4.8"]
[White "Straeter, Timo"]
[Black "Jackelen, Thomas"]
[Result "0-1"]
[WhiteElo "2342"]
[BlackElo "2454"]
[PlyCount "156"]
[EventDate "2005.??.??"]

1. d4 d5 2. Nf3 Nf6 3. Bf4 c5 4. e3 Nc6 5. dxc5 e6 6. c3 Bxc5 7. Nbd2 O-O 8.
Bd3 h6 9. b4 Bd6 10. b5 Na5 11. Bxd6 Qxd6 12. Qa4 Qc7 13. Qd4 b6 14. O-O Bb7
15. Ne5 Rac8 16. Rac1 Rfd8 17. Qf4 Ne4 18. Bxe4 dxe4 19. Nxe4 Rd5 20. Nf3 Qxf4
21. exf4 f5 22. Ng3 Rd3 23. Nd4 Bd5 24. h4 Rdxc3 25. Nge2 R3c5 26. a3 Kf7 27.
Rcd1 Kf6 28. Rfe1 Nc4 29. a4 Na5 30. Ng3 R8c7 31. Nh5+ Kf7 32. Rd3 g6 33. Ng3
Rc1 34. Rxc1 Rxc1+ 35. Kh2 h5 36. Nge2 Rc4 37. Rc3 Ke7 38. Rg3 Kf6 39. Ra3 Nb7
40. f3 Ke7 41. Kg3 Kd6 42. Kf2 Na5 43. Ke3 Rb4 44. Ra1 Nc4+ 45. Kf2 Rb2 46. Rg1
Ra2 47. g4 hxg4 48. fxg4 fxg4 49. Rxg4 Be4 50. f5 gxf5 51. Rg6 Bd5 52. Nxf5+
Kc5 53. Nfg3 Ne5 54. Rg5 Kd6 55. h5 Rxa4 56. Nc3 Rf4+ 57. Ke2 Rh4 58. Nxd5 Kxd5
59. Rg7 Nc4 60. Rh7 Nd6 61. Rd7 Kc5 62. Kf2 Nxb5 63. Re7 Nd4 64. Ke3 Rh3 65.
Kf4 Rxg3 66. Kxg3 Nf5+ 67. Kf4 Nxe7 68. h6 Ng6+ 69. Kg5 Nh8 70. Kf6 b5 71. Kxe6
b4 72. Kf6 b3 73. Kg7 b2 74. Kxh8 b1=Q 75. h7 Kd6 76. Kg8 Qg6+ 77. Kh8 Qf6+ 78.
Kg8 Ke7 0-1

[Event "BL 0506 Solinger SG - SG Köln Porz"]
[Site "?"]
[Date "2005.11.13"]
[Round "4.1"]
[White "Lutz, Christopher"]
[Black "Jussupow, Artur"]
[Result "1/2-1/2"]
[WhiteElo "2609"]
[BlackElo "2595"]
[PlyCount "30"]
[EventDate "2005.??.??"]

1. e4 e5 2. Nf3 Nf6 3. Nxe5 d6 4. Nf3 Nxe4 5. d4 d5 6. Bd3 Nc6 7. O-O Bg4 8. c4
Be7 9. Nc3 Nxc3 10. bxc3 dxc4 11. Bxc4 O-O 12. h3 Bh5 13. Be3 Na5 14. Bd3 Qd5
15. Rb1 a6 1/2-1/2

[Event "BL 0506 Solinger SG - SG Köln Porz"]
[Site "?"]
[Date "2005.11.13"]
[Round "4.3"]
[White "Sokolov, Ivan"]
[Black "Baramidze, David"]
[Result "0-1"]
[WhiteElo "2696"]
[BlackElo "2542"]
[PlyCount "116"]
[EventDate "2005.??.??"]

1. d4 d5 2. c4 e6 3. Nc3 Be7 4. cxd5 exd5 5. Bf4 c6 6. e3 Bd6 7. Bg3 Ne7 8. Nf3
Nf5 9. Bd3 Nxg3 10. hxg3 Nd7 11. Qc2 Nf6 12. O-O-O h6 13. Nh4 Bg4 14. f3 Be6
15. g4 Qc7 16. Nf5 Rg8 17. Kb1 O-O-O 18. Nxd6+ Qxd6 19. Rc1 Kb8 20. Na4 Rge8
21. Qd2 Re7 22. Rc3 Rde8 23. Rb3 Bc8 24. Re1 b6 25. Nc3 Bd7 26. a4 c5 27. Nb5
Bxb5 28. Bxb5 Rc8 29. Ba6 Rc6 30. dxc5 Rxc5 31. e4 Ne8 32. e5 Qd8 33. Qd4 Ka8
34. Rd1 f6 35. e6 Rxe6 36. Bb7+ Kb8 37. Bxd5 Rxd5 38. Qxd5 Rd6 39. Rbd3 Rxd5
40. Rxd5 Qe7 41. Rd7 Qe6 42. R1d4 a5 43. f4 Kc8 44. Rd8+ Kc7 45. f5 Qe7 46.
R8d5 Kc6 47. Rd8 Kc7 48. R8d5 Kc8 49. Ka1 Nc7 50. Rd6 Na6 51. Rxb6 Qe1+ 52. Ka2
Nb4+ 53. Kb3 Qe3+ 54. Kc4 Qe2+ 55. Kb3 Qc2+ 56. Ka3 Qc5 57. Rdxb4 axb4+ 58.
Rxb4 Qg1 0-1

[Event "BL 0506 Solinger SG - SG Köln Porz"]
[Site "?"]
[Date "2005.11.13"]
[Round "4.4"]
[White "Naumann, Alexander"]
[Black "Vaganian, Rafael A"]
[Result "1/2-1/2"]
[WhiteElo "2534"]
[BlackElo "2614"]
[PlyCount "74"]
[EventDate "2005.??.??"]

1. e4 e6 2. d4 d5 3. Nd2 c5 4. exd5 exd5 5. Ngf3 Nf6 6. Bb5+ Bd7 7. Bxd7+ Nbxd7
8. O-O Be7 9. dxc5 Nxc5 10. Nd4 Qd7 11. Qf3 O-O 12. Nf5 Rfc8 13. Re1 Bf8 14.
Nf1 Nce4 15. c3 b5 16. a3 a5 17. Be3 b4 18. axb4 axb4 19. cxb4 Bxb4 20. Red1
Bf8 21. Bd4 Qe6 22. N1e3 Nd2 23. Qf4 Rxa1 24. Rxa1 Nb3 25. Rd1 Nxd4 26. Nxd4
Qb6 27. b3 Re8 28. Nec2 g6 29. h3 Ne4 30. Qf3 Bg7 31. Ne2 Qb5 32. Ncd4 Qc5 33.
Qd3 Rc8 34. Qe3 Qb4 35. Qd3 Nc3 36. Nxc3 Rxc3 37. Qb5 Qxb5 1/2-1/2

[Event "BL 0506 Solinger SG - SG Köln Porz"]
[Site "?"]
[Date "2005.11.13"]
[Round "4.6"]
[White "Werle, Jan"]
[Black "Graf, Alexander"]
[Result "1/2-1/2"]
[WhiteElo "2509"]
[BlackElo "2613"]
[PlyCount "91"]
[EventDate "2005.??.??"]

1. Nf3 g6 2. c4 Bg7 3. e4 e5 4. d4 exd4 5. Nxd4 Nf6 6. Nc3 O-O 7. g3 Nc6 8. Nc2
d6 9. Bg2 Ne5 10. b3 Nfd7 11. Nd5 c6 12. Nf4 Nc5 13. O-O f5 14. exf5 Bxf5 15.
Ne3 Ned3 16. Nxf5 Rxf5 17. Rb1 Nxc1 18. Qxc1 Bh6 19. Ne6 Bxc1 20. Nxd8 Ba3 21.
b4 Rxd8 22. bxc5 Rf7 23. cxd6 Bc5 24. Rbd1 Rfd7 25. Bf3 Rxd6 26. Rxd6 Rxd6 27.
Rd1 Bd4 28. Kg2 Kf8 29. Be4 c5 30. Rd2 Rb6 31. f4 Rb4 32. Bd5 a6 33. Kf3 b5 34.
Rc2 Rb1 35. Bb7 bxc4 36. Bxa6 c3 37. Ke4 Ke7 38. Bc4 Kd6 39. Bg8 Re1+ 40. Kd3
Re7 41. a4 Rb7 42. a5 Rg7 43. Bb3 Rb7 44. Bg8 Rg7 45. Bb3 Rb7 46. Bg8 1/2-1/2

[Event "BL 0506 Solinger SG - SG Köln Porz"]
[Site "?"]
[Date "2005.11.13"]
[Round "4.7"]
[White "Gurevich, Mikhail"]
[Black "Hoffmann, Michael"]
[Result "1/2-1/2"]
[WhiteElo "2652"]
[BlackElo "2443"]
[PlyCount "119"]
[EventDate "2005.??.??"]

1. c4 Nf6 2. g3 e6 3. Bg2 d5 4. Nf3 dxc4 5. Qa4+ c6 6. Qxc4 b5 7. Qc2 Bb7 8.
O-O Nbd7 9. b3 Be7 10. Bb2 O-O 11. Nc3 Qb6 12. Ng5 h6 13. Nge4 Nd5 14. d3 Nb4
15. Qd1 c5 16. Nd2 Bxg2 17. Kxg2 Nf6 18. a3 Nbd5 19. Qc2 Rac8 20. Rac1 Nb4 21.
Qb1 Qb7+ 22. Kg1 Nc6 23. Rfe1 Nd4 24. e3 Nf3+ 25. Nxf3 Qxf3 26. Nxb5 Ng4 27.
Qc2 Rb8 28. a4 a6 29. h3 Nxf2 30. Qxf2 Qxf2+ 31. Kxf2 axb5 32. Be5 Rb7 33. Ra1
Rd8 34. Ke2 bxa4 35. bxa4 Rb3 36. a5 Bd6 37. Bxd6 Rxd6 38. Reb1 Rc3 39. Rc1 Rb3
40. a6 Rdxd3 41. Rxc5 Rxe3+ 42. Kd2 Rxg3 43. Raa5 Rb2+ 44. Kc1 Rb8 45. a7 Ra8
46. Rcb5 Rc3+ 47. Kd2 Rcc8 48. Rb7 g5 49. Rab5 Rf8 50. R5b6 Kg7 51. Rxe6 Rfd8+
52. Ke3 Re8 53. Rxe8 Rxe8+ 54. Kd4 Ra8 55. Ke5 Kg6 56. Rb6+ Kh5 57. Ra6 g4 58.
Kf4 gxh3 59. Kg3 Kg5 60. Kxh3 1/2-1/2

[Event "BL 0506 Solinger SG - SG Köln Porz"]
[Site "?"]
[Date "2005.11.13"]
[Round "4.8"]
[White "Ernst, Sipke"]
[Black "Van den Doel, Erik"]
[Result "1-0"]
[WhiteElo "2473"]
[BlackElo "2582"]
[PlyCount "45"]
[EventDate "2005.??.??"]

1. d4 d5 2. c4 dxc4 3. Nf3 e6 4. e3 Nf6 5. Bxc4 a6 6. Bb3 c5 7. O-O cxd4 8.
exd4 Nc6 9. Nc3 Be7 10. Re1 O-O 11. Bf4 Na5 12. Bc2 b5 13. d5 exd5 14. Qd3 g6
15. Rxe7 Qxe7 16. Bg5 Qd6 17. Qd4 b4 18. Bxf6 bxc3 19. Qh4 Re8 20. Rd1 Nc6 21.
Rxd5 Qf8 22. Rh5 Qb4 23. Rxh7 1-0

[Event "BL 0506 SC Kreuzberg - Hamburger SK"]
[Site "Bremen"]
[Date "2005.11.13"]
[Round "4.1"]
[White "Gustafsson, Jan"]
[Black "Nisipeanu, Liviu-Dieter"]
[Result "1/2-1/2"]
[WhiteElo "2615"]
[BlackElo "2707"]
[PlyCount "31"]
[EventDate "2005.??.??"]

1. Nf3 Nf6 2. c4 c5 3. Nc3 e6 4. g3 b6 5. Bg2 Bb7 6. O-O a6 7. b3 d6 8. Bb2 Be7
9. d4 cxd4 10. Nxd4 Bxg2 11. Kxg2 Qc7 12. e3 Nc6 13. Qf3 Rc8 14. Nxc6 Qxc6 15.
Qxc6+ Rxc6 16. Rfd1 1/2-1/2

[Event "BL 0506 SC Kreuzberg - Hamburger SK"]
[Site "Bremen"]
[Date "2005.11.13"]
[Round "4.2"]
[White "Almasi, Zoltan"]
[Black "Ftacnik, Lubomir"]
[Result "1-0"]
[WhiteElo "2640"]
[BlackElo "2612"]
[PlyCount "55"]
[EventDate "2005.??.??"]

1. e4 c5 2. Nf3 d6 3. d4 cxd4 4. Nxd4 Nf6 5. Nc3 e6 6. Be3 Be7 7. f4 Nc6 8. Qf3
Bd7 9. O-O-O Nxd4 10. Bxd4 Bc6 11. g4 O-O 12. g5 Nd7 13. h4 Qa5 14. Kb1 b5 15.
f5 Ne5 16. Bxe5 dxe5 17. fxe6 Bb4 18. e7 Bxe7 19. Nd5 Bxd5 20. exd5 Rad8 21.
Bd3 b4 22. h5 Qb6 23. Qe4 g6 24. hxg6 fxg6 25. d6 Bxg5 26. Qxe5 Bf6 27. Qd5+
Kg7 28. Rxh7+ 1-0

[Event "BL 0506 SC Kreuzberg - Hamburger SK"]
[Site "Bremen"]
[Date "2005.11.13"]
[Round "4.3"]
[White "Kempinski, Robert"]
[Black "Socko, Bartosz"]
[Result "1/2-1/2"]
[WhiteElo "2619"]
[BlackElo "2610"]
[PlyCount "44"]
[EventDate "2005.??.??"]

1. d4 Nf6 2. c4 g6 3. g3 Bg7 4. Bg2 O-O 5. Nc3 d6 6. Nf3 Nc6 7. O-O a6 8. h3
Rb8 9. e4 b5 10. e5 dxe5 11. dxe5 Qxd1 12. Rxd1 Nd7 13. e6 fxe6 14. cxb5 axb5
15. Bf4 b4 16. Na4 Nb6 17. Nxb6 Rxb6 18. Bxc7 Ra6 19. Rd2 Na5 20. Rc2 Nb3 21.
Re1 Rxa2 22. Be5 Bf6 1/2-1/2

[Event "BL 0506 SC Kreuzberg - Hamburger SK"]
[Site "Bremen"]
[Date "2005.11.13"]
[Round "4.4"]
[White "Romanishin, Oleg M"]
[Black "Hansen, Sune Berg"]
[Result "1/2-1/2"]
[WhiteElo "2547"]
[BlackElo "2555"]
[PlyCount "87"]
[EventDate "2005.??.??"]

1. d4 d5 2. c4 dxc4 3. Nf3 Nf6 4. e3 e6 5. Bxc4 c5 6. O-O a6 7. Bb3 Nc6 8. Nc3
cxd4 9. exd4 Be7 10. Bf4 Na5 11. Bc2 O-O 12. Rc1 Nc6 13. a3 b6 14. Qd3 g6 15.
Ne4 Bb7 16. Rfd1 Rc8 17. Qe2 Na5 18. Bh6 Re8 19. Ne5 Bxe4 20. Bxe4 Rxc1 21.
Bxc1 Nxe4 22. Qxe4 Qd5 23. Qxd5 exd5 24. Nd7 Bd8 25. Nb8 Nb3 26. Be3 Be7 27.
Nxa6 Rc8 28. Rd3 Nc1 29. Rd1 Nb3 30. h4 Bd6 31. Nb4 Bxb4 32. axb4 Rc4 33. b5 h5
34. Rd3 Rb4 35. g3 Rxb5 36. Rc3 Na5 37. Bf4 Kf8 38. Rc7 Nc4 39. Bg5 Rxb2 40.
Bf6 Re2 41. Rd7 Re6 42. Rd8+ Re8 43. Rxd5 Re6 44. Rd8+ 1/2-1/2

[Event "BL 0506 SC Kreuzberg - Hamburger SK"]
[Site "Bremen"]
[Date "2005.11.13"]
[Round "4.5"]
[White "Reeh, Oliver"]
[Black "Maiwald, Jens-Uwe"]
[Result "0-1"]
[WhiteElo "2449"]
[BlackElo "2502"]
[PlyCount "98"]
[EventDate "2005.??.??"]

1. e4 c5 2. Nf3 e6 3. d4 cxd4 4. Nxd4 a6 5. Bd3 g6 6. f4 Bg7 7. c3 d6 8. O-O
Nf6 9. Qe2 e5 10. fxe5 dxe5 11. Nf3 Nc6 12. Bg5 h6 13. Bxf6 Qxf6 14. Bc4 O-O
15. Na3 Nd8 16. Nc2 b5 17. Bd5 Rb8 18. Nb4 a5 19. Nd3 Qd6 20. Kh1 Ne6 21. Rad1
Qc7 22. Qf2 Rb6 23. Nfxe5 Ra6 24. Qg3 Qe7 25. Nf3 Nc7 26. Nf4 Nxd5 27. exd5 Bb7
28. Rfe1 Qd7 29. Re2 Rd6 30. Red2 Rd8 31. h4 Qc8 32. Nd4 Qc4 33. b3 Qc5 34. h5
g5 35. Nf5 Rf6 36. Nd3 Qxc3 37. Nxg7 Kxg7 38. Qe5 Qxe5 39. Nxe5 Rfd6 40. Rf1
Bxd5 41. Rdf2 Re8 42. Ng4 Be6 43. Ne3 Rd3 44. Nf5+ Kh7 45. Kh2 a4 46. bxa4 bxa4
47. Rb1 Red8 48. Rbb2 R8d5 49. Ne7 g4 0-1

[Event "BL 0506 SC Kreuzberg - Hamburger SK"]
[Site "Bremen"]
[Date "2005.11.13"]
[Round "4.6"]
[White "Kalinitschew, Sergey"]
[Black "Heinemann, Thies"]
[Result "0-1"]
[WhiteElo "2491"]
[BlackElo "2441"]
[PlyCount "84"]
[EventDate "2005.??.??"]

1. d4 Nf6 2. c4 c5 3. d5 b5 4. cxb5 a6 5. bxa6 g6 6. Nc3 Bxa6 7. e4 Bxf1 8.
Kxf1 d6 9. Nge2 Bg7 10. h3 Qb6 11. Kg1 O-O 12. Rb1 Na6 13. Kh2 Nd7 14. Rf1 f5
15. exf5 Rxf5 16. Be3 Qb7 17. Ng3 Rff8 18. Nge4 Nc7 19. Qd2 Nf6 20. Nxf6+ Rxf6
21. Rfd1 Rf5 22. g4 Be5+ 23. Kg1 Rf3 24. Kg2 Raf8 25. Qe2 e6 26. Kg1 Nxd5 27.
Nxd5 exd5 28. Bxc5 Qe7 29. Bd4 Qh4 30. Bxe5 dxe5 31. Rd3 Rxd3 32. Qxd3 Qxf2+
33. Kh1 d4 34. Qe4 Qg3 35. Qg2 Qe3 36. Rf1 Rxf1+ 37. Qxf1 d3 38. Qf6 Qxh3+ 39.
Kg1 Qxg4+ 40. Kh1 Qe4+ 41. Kg1 Qd4+ 42. Kg2 Qd5+ 0-1

[Event "BL 0506 SC Kreuzberg - Hamburger SK"]
[Site "Bremen"]
[Date "2005.11.13"]
[Round "4.7"]
[White "Rogozenko, Dorian"]
[Black "Lau, Ralf"]
[Result "1/2-1/2"]
[WhiteElo "2526"]
[BlackElo "2467"]
[PlyCount "31"]
[EventDate "2005.??.??"]

1. d4 g6 2. c4 Bg7 3. Nf3 d6 4. Nc3 Nd7 5. e4 e6 6. Be2 Ne7 7. h4 h6 8. g4 a6
9. g5 hxg5 10. Nxg5 Nf6 11. Be3 Bd7 12. Qd2 Nh5 13. Bxh5 Rxh5 14. Ne2 Rh8 15.
d5 e5 16. f4 1/2-1/2

[Event "BL 0506 SC Kreuzberg - Hamburger SK"]
[Site "Bremen"]
[Date "2005.11.13"]
[Round "4.8"]
[White "Tischbierek, Raj"]
[Black "Van Delft, Merijn"]
[Result "1/2-1/2"]
[WhiteElo "2466"]
[BlackElo "2385"]
[PlyCount "42"]
[EventDate "2005.??.??"]

1. e4 c6 2. Ne2 d5 3. e5 c5 4. d4 Nc6 5. c3 cxd4 6. cxd4 Bf5 7. Nbc3 e6 8. Be3
Nge7 9. Nf4 h6 10. Be2 Bh7 11. g4 Ng6 12. Nh5 Ngxe5 13. dxe5 d4 14. Qb3 dxe3
15. Qxb7 exf2+ 16. Kxf2 Qb6+ 17. Qxb6 axb6 18. Bb5 Bc5+ 19. Kg3 Rc8 20. Na4 O-O
21. Nxc5 bxc5 1/2-1/2

[Event "BL 0506 SFR Neukölln - SV Werder Bremen"]
[Site "Bremen"]
[Date "2005.11.13"]
[Round "4.1"]
[White "Efimenko, Zahar"]
[Black "Nataf, Igor-Alexandre"]
[Result "1-0"]
[WhiteElo "2637"]
[BlackElo "2564"]
[PlyCount "101"]
[EventDate "2005.??.??"]

1. d4 Nf6 2. c4 g6 3. Nc3 Bg7 4. e4 d6 5. h3 O-O 6. Be3 e5 7. d5 Na6 8. Bd3 Nh5
9. g3 Qe8 10. Be2 f6 11. Bxh5 gxh5 12. g4 Qd7 13. f3 Qf7 14. Nge2 Qg6 15. Qd2
h4 16. f4 Bh6 17. f5 Bxe3 18. Qxe3 Qg5 19. Kf2 c5 20. Nb5 Rd8 21. Rhc1 Kf7 22.
Ng1 Ke7 23. Nf3 Qxe3+ 24. Kxe3 Bd7 25. Nc3 Nc7 26. Nxh4 b5 27. b3 Rdb8 28. Nf3
a5 29. Nd2 a4 30. cxb5 Bxb5 31. Rab1 axb3 32. Rxb3 Ba6 33. Rxb8 Rxb8 34. Rb1
Rg8 35. Nf3 Kd7 36. Rg1 Nb5 37. Nxb5 Bxb5 38. Rb1 Ba6 39. Rb6 Ra8 40. g5 fxg5
41. Nxg5 Bc8 42. Nxh7 Rxa2 43. f6 Ra3+ 44. Kf2 Ra2+ 45. Kg3 Ra3+ 46. Kh4 Rf3
47. Kg5 c4 48. Kg6 c3 49. f7 Rg3+ 50. Kf6 Rf3+ 51. Kg7 1-0

[Event "BL 0506 SFR Neukölln - SV Werder Bremen"]
[Site "Bremen"]
[Date "2005.11.13"]
[Round "4.2"]
[White "Miroshnichenko, Evgenij"]
[Black "Areshchenko, Alexander"]
[Result "1/2-1/2"]
[WhiteElo "2634"]
[BlackElo "2653"]
[PlyCount "72"]
[EventDate "2005.??.??"]

1. Nf3 Nf6 2. c4 g6 3. Nc3 d5 4. Qa4+ Bd7 5. Qb3 dxc4 6. Qxc4 Nc6 7. g3 Bg7 8.
Bg2 O-O 9. O-O e5 10. Qh4 Ne8 11. Qxd8 Rxd8 12. d3 h6 13. Be3 Nd4 14. Rfc1 Nd6
15. Kf1 c5 16. Nd2 b6 17. a3 Be6 18. Nd5 N6f5 19. Bxd4 Nxd4 20. Nc3 h5 21. b4
Bh6 22. e3 c4 23. dxc4 Nb3 24. Nxb3 Bxc4+ 25. Ke1 Bxb3 26. Rab1 Be6 27. Nb5 Bf5
28. Rb3 Rd7 29. Bc6 Re7 30. Nd6 Bg4 31. Rbc3 Rd8 32. Nb7 Rb8 33. Nd6 Rd8 34.
Nb7 Rb8 35. Nd6 Rd8 36. Nb7 Rb8 1/2-1/2

[Event "BL 0506 SFR Neukölln - SV Werder Bremen"]
[Site "Bremen"]
[Date "2005.11.13"]
[Round "4.3"]
[White "Hracek, Zbynek"]
[Black "Polzin, Rainer"]
[Result "1-0"]
[WhiteElo "2581"]
[BlackElo "2514"]
[PlyCount "153"]
[EventDate "2005.??.??"]

1. e4 c5 2. Nf3 d6 3. d4 cxd4 4. Nxd4 Nf6 5. Nc3 g6 6. Be2 Bg7 7. O-O O-O 8.
Be3 Nc6 9. Qd2 Bd7 10. Rfd1 Nxd4 11. Bxd4 Bc6 12. f3 Qc7 13. a4 Rfd8 14. Nb5
Bxb5 15. axb5 Nd7 16. Bxg7 Kxg7 17. c3 Qb6+ 18. Qd4+ Qxd4+ 19. Rxd4 Nb6 20. Kf2
Kf6 21. Ra3 e6 22. Rd1 Ke7 23. Rda1 Nc8 24. f4 b6 25. c4 Rb8 26. Rh3 h5 27. f5
Rb7 28. fxg6 fxg6 29. g4 Rf8+ 30. Ke3 hxg4 31. Bxg4 Rc7 32. b3 Kd7 33. Rh7+ Ne7
34. Rd1 Rc5 35. h3 Rf6 36. Ra1 Rc7 37. Rd1 Rc5 38. Be2 Rf8 39. b4 Rc7 40. Rg7
Kc8 41. Kd3 d5 42. exd5 exd5 43. c5 Kd8 44. Ra1 Nc8 45. Rxg6 bxc5 46. bxc5 Rxc5
47. Kd4 Rc7 48. Rf1 Rxf1 49. Bxf1 Ne7 50. Rd6+ Ke8 51. Bd3 Rb7 52. Ra6 Nc8 53.
Rh6 Ne7 54. h4 Kf7 55. h5 Rb6 56. Rh8 Kg7 57. Rh7+ Kf6 58. Rh8 Kg7 59. Ra8 Rb7
60. Ke5 Ng8 61. Kxd5 Rd7+ 62. Kc4 Nf6 63. Bg6 Rc7+ 64. Kb4 Nd5+ 65. Ka5 Re7 66.
Rd8 Nc7 67. Rd6 Kh6 68. Rc6 Kg7 69. Bd3 Rd7 70. h6+ Kh8 71. Bg6 Kg8 72. Rc1 Ne6
73. Bf5 Rd6 74. Bxe6+ Rxe6 75. Rc8+ Kh7 76. Rc7+ Kxh6 77. Rc6 1-0

[Event "BL 0506 SFR Neukölln - SV Werder Bremen"]
[Site "Bremen"]
[Date "2005.11.13"]
[Round "4.5"]
[White "Babula, Vlastimil"]
[Black "Schneider, Ilja"]
[Result "1-0"]
[WhiteElo "2593"]
[BlackElo "2392"]
[PlyCount "75"]
[EventDate "2005.??.??"]

1. d4 d5 2. c4 Nc6 3. Nf3 Bg4 4. Nc3 e6 5. cxd5 exd5 6. Bf4 Bd6 7. Bg3 Bxf3 8.
gxf3 f5 9. Qd2 Nge7 10. O-O-O O-O 11. e4 fxe4 12. fxe4 dxe4 13. d5 Ne5 14. Nxe4
Nf5 15. Bh3 Qe7 16. Qc2 Nf3 17. Bxf5 Rxf5 18. Bxd6 cxd6 19. Nxd6 Qg5+ 20. Kb1
Rxd5 21. Rxd5 Qxd5 22. Rd1 Qe6 23. Nxb7 Nxh2 24. Nd8 Qg6 25. Qxg6 hxg6 26. Rd7
Kh7 27. Ne6 Re8 28. Ng5+ Kh6 29. Nf7+ Kh5 30. Rxa7 Nf3 31. a4 Nd4 32. a5 Nc6
33. Rc7 Nb4 34. Rc5+ g5 35. Rxg5+ Kh4 36. Re5 Rb8 37. Nd6 Nd3 38. Rb5 1-0

[Event "BL 0506 SFR Neukölln - SV Werder Bremen"]
[Site "Bremen"]
[Date "2005.11.13"]
[Round "4.6"]
[White "Poldauf, Dirk"]
[Black "Fish, Gennadij"]
[Result "1-0"]
[WhiteElo "2417"]
[BlackElo "2550"]
[PlyCount "87"]
[EventDate "2005.??.??"]

1. c4 c5 2. g3 Nc6 3. Bg2 g6 4. Nc3 Bg7 5. e3 e5 6. Nge2 Nge7 7. O-O O-O 8. a3
d6 9. d3 Be6 10. Nd5 Rb8 11. Ra2 b5 12. b3 a5 13. Bb2 Qd7 14. Re1 Bg4 15. Bc3
Rfc8 16. f3 Be6 17. f4 b4 18. Nxe7+ Nxe7 19. axb4 axb4 20. Bb2 d5 21. Bxe5 Bxe5
22. fxe5 Rd8 23. Qa1 dxc4 24. dxc4 Qd3 25. Nc1 Qf5 26. Rf2 Qg5 27. Qa7 Nf5 28.
Qxc5 h5 29. Ne2 Rd3 30. Nf4 Rxb3 31. Bd5 Bxd5 32. cxd5 h4 33. e6 hxg3 34. exf7+
Kxf7 35. hxg3 Qxg3+ 36. Kf1 Re8 37. e4 Kg8 38. d6 Ne3+ 39. Rxe3 Qxe3 40. Qd5+
Kg7 41. d7 Rb1+ 42. Kg2 Rb8 43. Ne6+ Kh6 44. Qe5 1-0

[Event "BL 0506 SFR Neukölln - SV Werder Bremen"]
[Site "Bremen"]
[Date "2005.11.13"]
[Round "4.7"]
[White "Schandorff, Lars"]
[Black "Thiede, Lars"]
[Result "0-1"]
[WhiteElo "2517"]
[BlackElo "2417"]
[PlyCount "128"]
[EventDate "2005.??.??"]

1. d4 Nf6 2. c4 g6 3. Nf3 Bg7 4. g3 O-O 5. Bg2 d6 6. Nc3 Nbd7 7. O-O e5 8. e4
a6 9. h3 b5 10. Qc2 c6 11. Rd1 Re8 12. c5 exd4 13. Nxd4 Nxc5 14. Nxc6 Qc7 15.
Nb4 Bb7 16. Nbd5 Nxd5 17. Nxd5 Bxd5 18. exd5 Rac8 19. Bf4 Qd7 20. Rab1 Na4 21.
Qd2 Be5 22. Bxe5 Rxe5 23. Rbc1 Rce8 24. b3 Re2 25. Qf4 Nc5 26. Rd2 a5 27. Rcd1
b4 28. Rxe2 Rxe2 29. Rd2 Re1+ 30. Kh2 Qe7 31. h4 Qe5 32. Qxe5 Rxe5 33. a3 Nxb3
34. Rb2 Nc5 35. axb4 Nd3 36. Rb3 Nxb4 37. Ra3 Nxd5 38. Rxa5 Nc7 39. Ra2 Rc5 40.
Rd2 d5 41. Re2 Kf8 42. Re5 Rc6 43. Re2 Rd6 44. Rc2 Ne6 45. Kg1 Ke7 46. Kf1 f5
47. Ke1 d4 48. Kd2 Ra6 49. Bd5 Kd6 50. Bxe6 Kxe6 51. Rc7 Ra2+ 52. Kd3 Rxf2 53.
Rxh7 Rf3+ 54. Kxd4 Rxg3 55. h5 Rg4+ 56. Ke3 g5 57. Rg7 Kf6 58. Rg6+ Ke5 59. h6
f4+ 60. Kf3 Rg3+ 61. Kf2 Kf5 62. h7 Rh3 63. Rg7 Kf6 64. Ra7 Kg6 0-1

[Event "BL 0506 SFR Neukölln - SV Werder Bremen"]
[Site "Bremen"]
[Date "2005.11.13"]
[Round "4.8"]
[White "Thinius, Marco"]
[Black "Skripchenko-Lautier, Almira"]
[Result "0-1"]
[WhiteElo "2353"]
[BlackElo "2462"]
[PlyCount "70"]
[EventDate "2005.??.??"]

1. e4 e5 2. Nf3 Nc6 3. Bb5 Nf6 4. Nc3 Bb4 5. O-O O-O 6. d3 d6 7. Bg5 Bxc3 8.
bxc3 Bg4 9. h3 Bh5 10. g4 Bg6 11. Bc4 h6 12. Bh4 Nb8 13. Rb1 b6 14. Ne1 c6 15.
f4 exf4 16. Rxf4 Nbd7 17. Ng2 Qe7 18. Rf2 Qe5 19. Qd2 d5 20. exd5 Nxd5 21. Nf4
Nxf4 22. Rxf4 Rae8 23. Re1 Qc5+ 24. Kg2 Rxe1 25. Qxe1 Ne5 26. Bb3 Qd6 27. Bg3
c5 28. Re4 Bxe4+ 29. Qxe4 Re8 30. d4 Qg6 31. Qd5 Nc6 32. Ba4 Rc8 33. Bd6 Rd8
34. dxc5 bxc5 35. Qxc5 Rxd6 0-1

[Event "BL 0506 Godesberger SK - Solinger SG"]
[Site "?"]
[Date "2005.11.12"]
[Round "3.1"]
[White "Jussupow, Artur"]
[Black "Kasimdzhanov, Rustam"]
[Result "1/2-1/2"]
[WhiteElo "2595"]
[BlackElo "2670"]
[PlyCount "129"]
[EventDate "2005.??.??"]

1. d4 d5 2. c4 e5 3. e3 exd4 4. exd4 Nf6 5. Nf3 Bb4+ 6. Bd2 Bxd2+ 7. Nbxd2 O-O
8. Be2 dxc4 9. Nxc4 Nbd7 10. O-O Nb6 11. Nce5 Bf5 12. Rc1 c6 13. Re1 Nfd5 14.
Qd2 a5 15. h3 a4 16. a3 Re8 17. Bf1 Qc7 18. Qg5 Bg6 19. Qh4 f6 20. Nd3 Bf7 21.
Nc5 Nf4 22. g3 Ng6 23. Qg4 Nf8 24. Nh4 Kh8 25. Nf5 Bg6 26. h4 h5 27. Qf3 Bf7
28. Bd3 Kg8 29. Be4 Rad8 30. Re2 Ne6 31. Rce1 Nxc5 32. dxc5 Nc4 33. Bc2 Ne5 34.
Qf4 Bd5 35. Nd6 Rf8 36. Be4 b6 37. Qf5 Bxe4 38. Nxe4 Rd5 39. Qe6+ Kh8 40. Re3
bxc5 41. Nc3 Rd2 42. Nxa4 c4 43. R1e2 Rd1+ 44. Kg2 c5 45. Nc3 Qb7+ 46. Re4 Rd3
47. a4 Rdd8 48. Qf5 g6 49. Qf4 Kg7 50. Kg1 Rde8 51. R4e3 Qf7 52. Qe4 Rd8 53.
Qg2 Rd7 54. a5 Rb8 55. a6 Ra7 56. Rxe5 fxe5 57. Qc6 Qf6 58. Qxc5 Qxa6 59. Rxe5
Rf7 60. Re2 Rf6 61. Qd4 Kg8 62. Qd5+ Kg7 63. Qd4 Kg8 64. Qd5+ Kg7 65. Qd4
1/2-1/2

[Event "BL 0506 Godesberger SK - Solinger SG"]
[Site "?"]
[Date "2005.11.12"]
[Round "3.4"]
[White "Seel, Christian"]
[Black "Naumann, Alexander"]
[Result "1/2-1/2"]
[WhiteElo "2492"]
[BlackElo "2534"]
[PlyCount "40"]
[EventDate "2005.??.??"]

1. Nf3 Nf6 2. c4 e6 3. Nc3 d5 4. d4 Bb4 5. Bg5 h6 6. Bxf6 Qxf6 7. Qb3 c5 8.
cxd5 exd5 9. Qxd5 Nc6 10. e3 O-O 11. Bd3 cxd4 12. Nxd4 Rd8 13. Qe4 Nxd4 14.
exd4 g6 15. O-O Qxd4 16. Rad1 Bg4 17. Qxd4 Rxd4 18. Be2 Bxc3 19. Rxd4 Bxd4 20.
Bxg4 Bxb2 1/2-1/2

[Event "BL 0506 Godesberger SK - Solinger SG"]
[Site "?"]
[Date "2005.11.12"]
[Round "3.5"]
[White "Gabriel, Christian"]
[Black "Langheinrich, Ferenc"]
[Result "0-1"]
[WhiteElo "2531"]
[BlackElo "2391"]
[PlyCount "108"]
[EventDate "2005.??.??"]

1. d4 Nf6 2. c4 g6 3. Nc3 Bg7 4. e4 d6 5. h3 O-O 6. Bg5 c6 7. Nf3 a6 8. Bd3 b5
9. O-O Nfd7 10. Rc1 h6 11. Be3 e5 12. Qd2 exd4 13. Nxd4 b4 14. Na4 Ne5 15. Be2
c5 16. Nf3 Nbc6 17. Nxe5 Bxe5 18. Bxh6 Re8 19. Bg5 Qc7 20. Bd3 Bb7 21. f4 Bd4+
22. Kh1 f6 23. Bh4 Kf7 24. Rf3 Rh8 25. Bg3 Rae8 26. Re1 a5 27. Bh2 Nd8 28. Bg1
Ne6 29. Bh2 Nd8 30. Bc2 f5 31. Rg3 fxe4 32. f5 e3 33. fxg6+ Kg7 34. Qd1 Qc6 35.
Qg4 Ref8 36. Bg1 Bc8 37. Qe4 Qxe4 38. Bxe4 Re8 39. Bd5 Bf5 40. Bxe3 Be5 41. Rg5
Bc2 42. b3 Bf4 43. Bxf4 Rxe1+ 44. Kh2 Ne6 45. Bxe6 Rxe6 46. Rd5 Kxg6 47. Bxd6
Be4 48. Re5 Rxe5 49. Bxe5 Rc8 50. Bf4 Bb1 51. Be3 Bxa2 52. Nxc5 Re8 53. Bd4 Rd8
54. Be3 Bxb3 0-1